Laboratory manual the botanical world
Gardado en:
| Autor Principal: | |
|---|---|
| Outros autores: | |
| Formato: | Libro |
| Idioma: | inglés |
| Publicado: |
Chicago
WCB
1996
|
| Edición: | Quinta edición |
| Subjects: | |
| Tags: |
Engadir etiqueta
Sen Etiquetas, Sexa o primeiro en etiquetar este rexistro!
|
MARC
| LEADER | 00000nam a2200000 a 4500 | ||
|---|---|---|---|
| 001 | UCO0409 | ||
| 003 | CL-VaPUC | ||
| 005 | 20230104151210.0 | ||
| 008 | 000420e19960000US |||||||||||||||||eng|d | ||
| 999 | |c 287118 |d 287116 | ||
| 040 | |c Pontificia Universidad Católica de Valparaíso | ||
| 082 | 0 | 4 | |a 581 ELL 1996 |2 21 |
| 100 | 0 | |a Elliot, Arthur M |9 441665 | |
| 245 | 1 | 0 | |a Laboratory manual the botanical world |
| 250 | |a Quinta edición | ||
| 260 | |a Chicago |b WCB |c 1996 | ||
| 300 | |a 207 páginas | ||
| 583 | |a last modification |c 20000420 00:00:00 |k Rodrigo Vera | ||
| 650 | 0 | |a Botánica |9 264202 | |
| 650 | 0 | |a Ecosistemas |9 261477 | |
| 650 | 0 | |a Plantas |9 264555 | |
| 650 | 0 | |a Taxonomía de las plantas |9 360224 | |
| 700 | 0 | |a Williamson, Paula S |9 441666 | |
| 942 | |c BK |2 ddc | ||
| 945 | |d 20000420 00:00:00 |a vberengu | ||